Les pistes de SSX on Tour - Statistiques

Statistiques générales
  • Ce quiz a été pris 5 fois
  • Le résultat moyen est 6 sur 14
Statistiques - réponses
Réponse % Correct
Pizza de Bitume
100%
Effraction
75%
Y'a pas de mélèze
75%
Barrage de Vaincre
50%
Compilation
50%
Dernière Tournée/Village Nintendo
50%
Le Pic
50%
Bouleaudrome
25%
Frousse Blanche
25%
Gaffe au Gap
25%
Hard Rocks
25%
Peuf-Peuf
25%
Raide Déblayée
25%
Schlass de Neige
25%
Aucun quiz correspondant
Distribution des résultats
% des personnes avec chaque résultat
Percentile par nombre de réponses
Votre historique - résultats
Vous n’avez pas pris ce quiz